Keeping tabs on changing face of farms (Record no. 77756)
[ view plain ]
| 000 -LEADER | |
|---|---|
| fixed length control field | 00941cab a2200193 4500 |
| 001 - CONTROL NUMBER | |
| control field | ##L135031 |
| 008 - FIXED-LENGTH DATA ELEMENTS--GENERAL INFORMATION | |
| fixed length control field | 060920n2006 000 0 eng u |
| 035 ## - SYSTEM CONTROL NUMBER | |
| System control number | (Sirsi) u135031 |
| 041 0# - LANGUAGE CODE | |
| Language code of text/sound track or separate title | eng |
| 100 1# - MAIN ENTRY--PERSONAL NAME | |
| Personal name | Alexander, David |
| 245 00 - TITLE STATEMENT | |
| Title | Keeping tabs on changing face of farms |
| 260 ## - PUBLICATION, DISTRIBUTION, ETC. | |
| Date of publication, distribution, etc. | 2006 |
| 490 #0 - SERIES STATEMENT | |
| Series statement | Planning (for the Natural and Built Environment) |
| Volume/sequential designation | (1686) 15 September 2006, 14(1) |
| 520 ## - SUMMARY, ETC. | |
| Summary, etc. | Examines the findings of the latest new agricultural landscapes report published this summer. The research, which started in 1972, examines changes in lowland landscapes in England and is carried out on an 11 year cycle. The latest report highlights developments such as the reduction in the number of farms, variations in farm incomes and the growing influence of the planning system. |
| 590 ## - LOCAL NOTE (RLIN) | |
| Local note | IKA031006 |
| 651 #4 - SUBJECT ADDED ENTRY--GEOGRAPHIC NAME | |
| Geographic name | England |
| Chronological subdivision | 886- |
| 690 ## - LOCAL SUBJECT ADDED ENTRY--TOPICAL TERM (OCLC, RLIN) | |
| Topical term or geographic name as entry element | ENVIRONMENTAL AND LAND CONSULTANCY-AGRIBUSINESS-AGRICULTURE |
| 942 ## - ADDED ENTRY ELEMENTS (KOHA) | |
| Suppress in OPAC | 0 |
| Withdrawn status | Lost status | Source of classification or shelving scheme | Damaged status | Not for loan | Home library | Current library | Shelving location | Date acquired | Total Checkouts | Full call number | Barcode | Date last seen | Copy number | Price effective from | Koha item type |
|---|---|---|---|---|---|---|---|---|---|---|---|---|---|---|---|
| Dewey Decimal Classification | London | London | Journal article | 20/09/2006 | L135031 | 135031-1001 | 06/08/2019 | 1 | 06/08/2019 | Journal article |